Sekiro trivia - Statistics

General Stats
  • This quiz has been taken 253 times
  • The average score is 7 of 14
Answer Stats
Hint Answer % Correct
Name of the playable character Sekiro/Wolf
100%
Who is the NPC that upgrades your healing? Emma
94%
Name of his "master" Kuro
78%
Name of the arguably hardest boss Isshin the Sword Saint.
76%
What is the hardest boss to access? (requires confusing questline) Owl Father
74%
What is the first non-optional boss? Genichiro
63%
Which miniboss requires the use of a buff to defeat it? Headless
61%
Name of Main characters sword Kusabimaru
60%
What item grants temporary lightning resistance? eel liver
36%
Item that increases health and posture Prayer beads
27%
Item that permanently increases damage Memories
22%
Which miniboss attempts to teach the player how to mikiri counter? Shinobi hunter Enshin
21%
which shinobi tool allows you to "teleport"? Mist Raven feather
13%
Item that halves health and posture while increasing damage dealt? Yashariku's candy/ Yashariku's spiritfall
4%
No matching quizzes found
Score Distribution
Percent of People with Each Score
Percentile by Number Answered
Your Score History
You have not taken this quiz